| 000 | 00000nam##2200000za#4500 |
| 001 | 9.641831 |
| 003 | CaOODSP |
| 005 | 20210624223416 |
| 007 | cr ||||||||||| |
| 008 | 150407|1996||||xxc|||||o f|0| 0 fre|d |
| 040 | |aCaOODSP|bfre |
| 043 | |an-cn--- |
| 086 | 1 |aRH64-39/1996F-PDF |
| 110 | 1 |aCanada.|bDéveloppement des ressources humaines Canada. |
| 245 | 10|aÉvaluation de l'efficacité des programmes et services d'emploi à l'intention des jeunes / |h[ressource électronique]|cpar Société de recherche sociale appliquée. |
| 260 | |aOttawa - Ontario : |bDéveloppement des ressources humaines Canada |cNovembre 1996. |
| 300 | |a136p.|bréférences, tableaux |
| 590 | |a13-12-Supp|b2013-05-10 |
| 691 | 07|aChance d'emploi|2gcpds |
| 691 | 07|aJeunesse|2gcpds |
| 775 | 08|tEvaluating the effectiveness of employment-related programs and services for youth / |w(CaOODSP)9.697829 |
| 856 | 40|ahttp://publications.gc.ca|qPDF|s363 Ko|uhttps://publications.gc.ca/collections/collection_2013/rhdcc-hrsdc/RH64-39-1996-fra.pdf |